00377nam a22001577a 450000500170000001000130001702000220003003500130005203700200006508200060008510000220009124500320011326000310014530000210017670000220019720190124152904.0 aB-222133 a8126021160c60.00 aB-222133 bSahitya Akadami aS aMohanty, Binapani aPatadei :cBinapani Mohanty aNew DelhibSahitya Akademi a120p.c22cm(hbk) aMohanty, Ashok K.